Statistics for Double Meaning Words #7

Click here to take the quiz!

General Stats

  • This quiz has been taken 943 times
  • The average score is 14 of 22

Answer Stats

Definition #1Definition #2Word% Correct
FlameDismiss from WorkFire
89%
Weighing DeviceTo ClimbScale
87%
Weighs Very LittleIlluminateLight
85%
Oblong Piece of SoapDrinking EstablishmentBar
84%
One Level of a BuildingTaleStory
80%
Arid LandAbandonDesert
78%
SaluteFrozen RainHail
78%
To Lounge IdlyUnit of BreadLoaf
78%
Voyage or JourneyStumbleTrip
75%
CoinsTransformChange
74%
Metal ContainerAble ToCan
73%
Fragrant FlowerStood UpRose
73%
AdviceGratuityTip
70%
Pattern of Small SquaresWritten Money OrderCheck
68%
Very Little FatSlantLean
56%
Enjoy Recreational ActivityPerformance On StagePlay
48%
To Leave AbruptlyStroke of LightningBolt
47%
Moves QuicklyLimit FoodFast
37%
Class, Group, or TypeBenevolent NatureKind
36%
MayPowerful Physical StrengthMight
35%
View from Higher GroundFail to NoticeOverlook
23%
ShapeCalculate a NumberFigure
16%

Score Distribution

Percentile by Number Answered

Percent of People with Each Score

Your Score History

You have not taken this quiz